| 000 | 01089cam a2200229 4500 | ||
|---|---|---|---|
| 001 | ABS65794 | ||
| 008 | 020814n2002 000 0 eng u | ||
| 035 | _a(Sirsi) u119333 | ||
| 100 | _aLane, T. | ||
| 245 | _aFire alarm | ||
| 260 | _c2002 | ||
| 490 |
_aBuilding _v267(8243) 19 July 2002, 26-29(4) |
||
| 520 | _aGovernment-backed research has found that the timber frame industry is exposing occupants of timber frame buildings to potentially fatal fire risks due to poor workmanship. Problems related to cavity construction such as fire stopping abilities are compounded in timber frame buildings where the cavities are filled with combustible material. These problems had been exposed in a World in Action programme in 1983 but BRE research shows that the problem is still there and often caused by shoddy workmanship. | ||
| 590 | _aABS | ||
| 650 | _aMANAGEMENT-HEALTH AND SAFETY-FIRE SAFETY | ||
| 650 | _aTIMBER FRAME CONSTRUCTION | ||
| 650 | _aWORKMANSHIP | ||
| 650 | _aFIRE RISK | ||
| 690 | _aBUILT ENVIRONMENT-BUILDING PATHOLOGY | ||
| 700 | _aPearson, A | ||
| 942 | _n0 | ||
| 999 |
_c70953 _d70953 |
||